000 00662nam a2200193Ia 4500
003 OSt
005 20251202141708.0
008 220922b |||||||| |||| 00| 0 san d
037 _cTB
040 _aARTS
_cARTS
_bsan
041 _2san
_asan
084 _aQ125:24 15L3
_qAL
100 _aरंगा रामानुज
_9853886
245 0 _aतैत्तिरी ऐतरेय छान्दोग्योपनिषद् भाष्यम्
246 _aTaittirī aitareya chhāndoiyopaniṣhad bhāṣhyam
260 _c1973
942 _hQ125:24, 15L3
_cTB
_2CC
_n0
999 _c378276
_d378276